| 000 | 01966cam a2200313 i 4500 | ||
|---|---|---|---|
| 999 |
_c200448167 _d66379 |
||
| 003 | TR-AnTOB | ||
| 005 | 20220317095627.0 | ||
| 007 | ta | ||
| 008 | 970703s1996 sz i000 0 eng d | ||
| 020 | _a9221098710 | ||
| 022 | _200746681 | ||
| 040 |
_aOUN _beng _erda _cOUN _dTR-AnTOB |
||
| 041 | 0 | _aeng | |
| 050 | 1 | 4 |
_aHD4854 _b.E47 1996 |
| 090 | _aTOBBK HD4854 .E47 1996 | ||
| 245 | 0 | 0 |
_aEmployment policies in a global context : _bReport V / _cInternational Labour Office. |
| 264 | 1 |
_aGeneva : _bInternational Labour Office _c1996. |
|
| 300 |
_a102 pages ; _c22 cm |
||
| 336 |
_atext _btxt _2rdacontent |
||
| 337 |
_aunmediated _bn _2rdamedia |
||
| 338 |
_avolume _bnc _2rdacarrier |
||
| 505 | 1 | _a[I]. Activities of the ILO, 1994-95; report of the Director-General. -- II. Information concerning the programme and budget for 1996-97 and other financial and administrative questions. -- III. pt.1-3. Summary of reports (Articles 19, 22 and 35 of the Constitution). -- III. Pt. 4A. Report of the Committee of Experts on the Application of Conventions and Recommendations (general report and observations concerning particular countries). -- III. Pt.4B. Special survey on Equality in Employment and Occupation in respect of Convention No. 111; Report of the Committee of Experts on the Application of Conventions and Recommendations (Articles 9, 22 and 35) of the Consititution. -- III. Pt. 5. Lists of ratifications by Convention and by Country (as at 31 December 1995). -- IV. Pt. 2A-B. Home work. -- V. Employment policies in a global context. -- VI. Tripartite consulation at the national level on economic and social policy | |
| 533 |
_aMicrofiche. _bNew Haven, CT : _cReadex Microfilm Corp., _d1996. _e[ ] microfiches |
||
| 650 | 0 |
_aWorking class _xCongresses _933171 |
|
| 710 | 2 |
_aInternational Labour Office _927101 |
|
| 711 | 2 |
_aInternational Labour Conference _n(83rd : _d1996 : _cGeneva, Switzerland) _9131640 |
|
| 942 |
_2z _cBK |
||